Прагматичні аспекти використання соматизмів у американських публіцистичних текстах (Запис № 282601)
[ простий вигляд ]
| 000 -LEADER | |
|---|---|
| fixed length control field | 02070nam a22001577a 4500 |
| 041 ## - LANGUAGE CODE | |
| Language code of text/sound track or separate title | ukr |
| 080 ## - UNIVERSAL DECIMAL CLASSIFICATION NUMBER | |
| Universal Decimal Classification number | 09 |
| 090 ## - LOCALLY ASSIGNED LC-TYPE CALL NUMBER (OCLC); LOCAL CALL NUMBER (OCLC) | |
| Local cutter number (OCLC) ; Book number/undivided call number, CALL (RLIN) | ПРО |
| 100 ## - MAIN ENTRY--PERSONAL NAME | |
| Personal name | Прошкіна, Ю. О. |
| 245 ## - TITLE STATEMENT | |
| Title | Прагматичні аспекти використання соматизмів у американських публіцистичних текстах |
| 260 ## - PUBLICATION, DISTRIBUTION, ETC. (IMPRINT) | |
| Place of publication, distribution, etc | Острог |
| Name of publisher, distributor, etc | КАФ |
| Date of publication, distribution, etc | 2004 |
| 300 ## - PHYSICAL DESCRIPTION | |
| Extent | 47 |
| 520 ## - SUMMARY, ETC. | |
| Summary, etc | Розділ 1. Мовний аспект характеристики публіцистичного стилю<br/>1.1 Лексичні та стилістичні особливості публіцистичних текстів<br/>1.1.1 Функції та вживання фразеологічних одиниць у публіцистичних текстах на прикладі соматизмів<br/>1.1.2 Використання неологізмів у публіцистичних текстах<br/>1.1.3 Використання оказіоналізмів<br/>1.1.4 Використання спеціальної лексики, зокрема термінів<br/>1.1.5 Використання сленгу у публіцистичних текстах<br/>1.1.6 Використання кліше у публіцистичних текстах<br/>Розділ 2. Прагматичний аспект використання соматизмів у публіцистичних текстах<br/>2.1 Соматизми на позначення руки<br/>2.2 Соматизми на позначення серця<br/>2.3 Соматизми на позначення обличчя<br/>2.4 Соматизми на позначення голови<br/>2.5 Соматизми на позначення ока<br/>2.6 Соматизми на позначення мозку<br/>2.7 Соматизми на позначення пальця<br/>2.8 Соматизми на позначення кістки<br/>2.9 Соматизми на позначення ноги |
| -- | стилістика, лексикология, соматизми |
| 650 ## - SUBJECT ADDED ENTRY--TOPICAL TERM | |
| Topical term or geographic name as entry element | Research Papers |
| 942 ## - ADDED ENTRY ELEMENTS (KOHA) | |
| Koha item type | Книги |
| Withdrawn status | Lost status | Source of classification or shelving scheme | Damaged status | Not for loan | Home library | Current library | Date acquired | Source of acquisition | Coded location qualifier | Cost, normal purchase price | Total Checkouts | Full call number | Barcode | Date last seen | Price effective from | Koha item type |
|---|---|---|---|---|---|---|---|---|---|---|---|---|---|---|---|---|
| Universal Decimal Classification | ВІЛ - Відділ іноземн. літератури НБ | ВІЛ - Відділ іноземн. літератури НБ | 08/08/2005 | Акт | В12 | 1.00 | 09 | 210163 | 20/12/2021 | 16/12/2004 | Книги |